000 00559nam a2200181Ia 4500
008 100920s9999 xx 000 0 und d
082 _b65474
_a28 व 570580 थ 93
100 _aमेने निर्मला.
245 _aफुलवंती.
260 _bसमाज शिक्षण माला, पुणे.
_c1993
300 _a32
_bसाधी
365 _b2
520 _aबा.वि.शाऊ.
630 _aफुलवंती.
650 _aबा.वि.शाऊ.
730 _aफुलवंती.
942 _cBOOK
999 _c708233
_d708230